000 00565nam a22002297a 4500
003 UA-OsUOA
001 92977
007 ta
008 20130110b un ||||| |||| 00| 0 ukr d
100 _aБел А.
090 _a821.174
_bБ43
942 _cBK
040 _aUA-OsUOA
_bukr
_cUA-OsUOA
_dUA-OsUOA
245 _aКлітка
_bромани
300 _a254 с.
955 _a3
041 _aukr
080 _a821.174
260 _aК.
_bДніпро
_c1986
650 7 _a82 Література. Літературознавство
_2UDC
999 _c378916
_d378916